000 00594nam a22001817a 4500
003 OSt
005 20240807145229.0
008 130508t xxu||||| |||| 00| 0 eng d
040 _corginal
082 _a702.88
110 0 _aAga Khan Cultural Service Pakistan
_9125051
245 1 0 _aGanish Village:
_bintegrated conservation and rehabilitation project
_cAga Khan cultureal Service Pakistan
260 _aRawalpindi, Pak:
_bColorline,
_c2002
300 _a20 p.
650 _aRestoration
_xArt
_9125052
942 _2ddc
_cBK
999 _c353683
_d353683